The Middle East: (Record no. 2774)
[ view plain ]
| 000 -LEADER | |
|---|---|
| fixed length control field | 01455nac a22003255a 4500 |
| 008 - FIXED-LENGTH DATA ELEMENTS--GENERAL INFORMATION | |
| fixed length control field | 120103t2004 ctua gr || 001 0 eng d |
| 010 ## - LIBRARY OF CONGRESS CONTROL NUMBER | |
| LC control number | 2003044263 |
| 020 ## - INTERNATIONAL STANDARD BOOK NUMBER | |
| International Standard Book Number | 0313329222 (set : alk. paper) |
| 020 ## - INTERNATIONAL STANDARD BOOK NUMBER | |
| International Standard Book Number | 0313329230 (v. 1 : alk. paper) |
| 020 ## - INTERNATIONAL STANDARD BOOK NUMBER | |
| International Standard Book Number | 9780313329241 (v. 2 : alk. paper) |
| 020 ## - INTERNATIONAL STANDARD BOOK NUMBER | |
| International Standard Book Number | 0313329249 (v. 2 : alk. paper) |
| 020 ## - INTERNATIONAL STANDARD BOOK NUMBER | |
| International Standard Book Number | 0313329257 (v. 3 : alk. paper) |
| 020 ## - INTERNATIONAL STANDARD BOOK NUMBER | |
| International Standard Book Number | 0313329265 (v. 4 : alk. paper) |
| 020 ## - INTERNATIONAL STANDARD BOOK NUMBER | |
| International Standard Book Number | 0313329273 (v. 5 : alk. paper) |
| 040 ## - CATALOGING SOURCE | |
| Original cataloging agency | EG-ScBUE |
| Language of cataloging | eng |
| Transcribing agency | EG-ScBUE |
| 082 04 - DEWEY DECIMAL CLASSIFICATION NUMBER | |
| Classification number | 306.0956 |
| Item number | MID |
| Edition number | 22 |
| 245 04 - TITLE STATEMENT | |
| Title | The Middle East: |
| Remainder of title | Bahrain.Cyprus.Egypt. |
| 260 ## - PUBLICATION, DISTRIBUTION, ETC. (IMPRINT) | |
| Place of publication, distribution, etc | Westport, Conn. |
| Name of publisher, distributor, etc | Greenwood Press, |
| Date of publication, distribution, etc | c.2004. |
| 300 ## - PHYSICAL DESCRIPTION | |
| Extent | 5 v. : |
| Other physical details | ill. ; |
| Dimensions | 26 cm. |
| 490 0# - Series Statement | |
| Series statement | Discovering world cultures |
| 500 ## - GENERAL NOTE | |
| General note | "A Creative Media Applications, Inc. production"--T.p. verso. |
| 504 ## - BIBLIOGRAPHY, ETC. NOTE | |
| Bibliography, etc | Includes bibliographical references and each vol. contains the cumulative index. |
| 505 0# - FORMATTED CONTENTS NOTE | |
| Formatted contents note | v. 1. Bahrain, Cyprus, Egypt -- v. 2. Iran, Iraq, Israel -- v. 3. Jordan, Kuwait, Lebanon, Oman -- v. 4. Qatar, Saudi Arabia, Syria -- v. 5. Turkey, United Arab Emirates, Yemen. |
| 650 #0 - SUBJECT ADDED ENTRY--TOPICAL TERM | |
| Topical term or geographic name as entry element | Ethnology |
| Geographic subdivision | Middle East |
| -- | Juvenile literature. |
| 9 (RLIN) | 28242 |
| Source of heading or term | BUEsh |
| 651 #0 - SUBJECT ADDED ENTRY--GEOGRAPHIC NAME | |
| Geographic name | Middle East |
| General subdivision | Social life and customs |
| Geographic subdivision | Juvenile literature. |
| 9 (RLIN) | 28243 |
| Source of heading or term | BUEsh |
| 653 ## - INDEX TERM--UNCONTROLLED | |
| Arrived date list | August2015 |
| 710 2# - ADDED ENTRY--CORPORATE NAME | |
| Corporate name or jurisdiction name as entry element | Creative Media Applications. |
| 9 (RLIN) | 28244 |
| 830 #0 - SERIES ADDED ENTRY--UNIFORM TITLE | |
| Uniform title | Discovering world cultures (Westport, Conn.) |
| 9 (RLIN) | 28245 |
| 942 ## - ADDED ENTRY ELEMENTS (KOHA) | |
| Item type | Book - Borrowing |
| Call number prefix | 306/.0956 |
| Source of classification or shelving scheme | Dewey Decimal Classification |
| Withdrawn status | Item status | Source of classification or shelving scheme | Damaged status | Not for loan | Vendor | Home library | Current library | Shelving location | Date acquired | Source of acquisition | Total Checkouts | Total Renewals | Full call number | Barcode | Date last seen | Date last borrowed | Koha item type | Public note |
|---|---|---|---|---|---|---|---|---|---|---|---|---|---|---|---|---|---|---|
| Dewey Decimal Classification | Central Library | Central Library | First floor | 05/03/2007 | 14 | 6 | 306.0956 MID | 000001289 | 22/11/2025 | 19/10/2025 | Book - Borrowing | Vol. 1. | ||||||
| Dewey Decimal Classification | Central Library | Central Library | First floor | 05/03/2007 | 11 | 8 | 306.0956 MID | 000001290 | 15/07/2025 | 07/10/2017 | Book - Borrowing | Vol. 2. | ||||||
| Dewey Decimal Classification | Central Library | Central Library | First floor | 05/03/2007 | 12 | 10 | 306.0956 MID | 000001291 | 15/07/2025 | 01/10/2019 | Book - Borrowing | Vol. 3. | ||||||
| Dewey Decimal Classification | Central Library | Central Library | First floor | 25/07/2010 | 6 | 306.0956 MID | 000001292 | 15/07/2025 | 22/10/2017 | Book - Borrowing | Vol. 4. | |||||||
| Dewey Decimal Classification | Central Library | Central Library | First floor | 05/03/2007 | 14 | 11 | 306.0956 MID | 000001293 | 15/07/2025 | 04/03/2017 | Book - Borrowing | Vol. 5. |